Т. 1, № 1-12 : Авторско-библиографический указатель за 2013 г.; Математика (РЖ)

Bibliografiske detaljer
Parent link:Математика (РЖ): реферативный журнал/ ВИНИТИ. Т. 1, № 1-12 : Авторско-библиографический указатель за 2013 г..— , 1954-.— 0034-2467
Sprog:russisk
Udgivet: 2014
Fag:
Format: Bog
KOHA link:https://koha.lib.tpu.ru/cgi-bin/koha/opac-detail.pl?biblionumber=529726

MARC

LEADER 00000nam2a2200000 4500
001 529726
005 20231101112331.0
035 |a (RuTPU)RU\TPU\prd\215422 
090 |a 529726 
100 |a 20140312a19549999k y0rusy50 ca 
101 0 |a rus 
102 |a RU 
200 0 |a Т. 1, № 1-12 : Авторско-библиографический указатель за 2013 г. 
210 |d 2014 
461 1 |0 (RuTPU)RU\TPU\prd\241  |x 0034-2467  |t Математика (РЖ)  |o реферативный журнал  |f ВИНИТИ  |v Т. 1, № 1-12 : Авторско-библиографический указатель за 2013 г.  |d 1954- 
610 1 |a реферативные журналы 
801 0 |a RU  |b 63413507  |c 20010227  |g PSBO 
801 1 |a RU  |b 63413507  |c 20140312 
801 2 |a RU  |b 63413507  |c 20170208  |g RCR 
942 |c BK 
999 |a НТБ_ТПУ  |b ЧЗЭР  |e -1/20140109  |p П-5816  |s 2/20130508  |u 0,00  |v 1